| 000 | 00431nam a2200169Ia 4500 | ||
|---|---|---|---|
| 008 | 240401s2022 xx und d | ||
| 041 | _aeng | ||
| 082 | _a615.19.BHI | ||
| 100 | _aDR. S.B.BHISE | ||
| 245 | _aPHARMACEUTICAL MICROBIOLOGY | ||
| 250 | _a4 | ||
| 260 |
_aPUNE _bNIRALI PRAKASHAN _c2022 |
||
| 300 | _aP.B./5.20 | ||
| 650 | _aPHARMACEUTICAL MICROBIOLOGY | ||
| 650 | _aPHARMACEUTICS | ||
| 700 | _aMRS.M.S.BHISE | ||
| 999 |
_c1152013 _d1152013 |
||